El abuso en las familias y sus diferentes maneras de prevenirlo (Registro nro. 50698)
[ vista simple ]
| 000 -LÍDER | |
|---|---|
| Campo fijo de descripción fija | 01154aab a2200217 4500 |
| 001 - NÚMERO DE CONTROL | |
| Campo de control | 768714001 |
| 003 - IDENTIFICADOR DEL NÚMERO DE CONTROL | |
| Campo de control | CO-MdFUSB |
| 005 - FECHA Y HORA DE LA ULTIMA TRANSACCIÓN | |
| control field | 20240607100418.0 |
| 008 - ELEMENTOS DE LONGITUD FIJA -- INFORMACIÓN GENERAL | |
| Campo fijo de descripción fija -- Información general | 170510s1993 cr ||||| |||| 00| 0 spa d |
| 022 ## - NÚMERO INTERNACIONAL NORMALIZADO PARA PUBLICACIONES SERIADAS | |
| Número Internacional Normalizado para Publicaciones Seriadas | 1409-1968 |
| 040 ## - FUENTE DE CATALOGACIÓN | |
| Agencia Catalogadora | CO-MdFUSB |
| Idioma de catalogación | spa |
| Agencia que realiza la transcripción | CO-MdFUSB |
| Agencia que realiza la modificación | CO-MdFUSB |
| 041 ## - CÓDIGO DE IDIOMA | |
| Código de idioma para texto/pista de sonido o título separado | spa |
| 100 1# - ASIENTO PRINCIPAL--NOMBRE PERSONAL | |
| Nombre personal | Christian, Randy |
| Término relacionador | autor |
| 245 13 - TÍTULO | |
| Título | El abuso en las familias y sus diferentes maneras de prevenirlo |
| Mención de responsabilidad | / Randy Christian |
| 300 ## - DESCRIPCIÓN FÍSICA | |
| Extensión | Volumen 11. Número 2 (1993), páginas 12-17 |
| Dimensiones | : 27 cm. |
| 520 ## - NOTA DE RESUMEN, ETC. | |
| Nota de sumario, etc. | En este artículo se tratan las diferentes formas de abuso y los diferentes niveles de prevención: <br/>En el primer nivel se encuentran: La enseñanza, consejería prematrimonial, enriquecimiento del matrimonio, educación para padres, oportunidad para contactos sociales.<br/>En segundo y tercer nivel vemos: Prédicas que alienten y que hablen sobre el arrepentimiento, Intervención en la crisis, terapia, asistencia en las necesidades básicas y ofrecer ayuda. |
| 653 ## - TÉRMINO DE INDIZACIÓN - NO CONTROLADO | |
| Término no controlado | Abuso en la familia |
| 773 0# - ASIENTO DE ITEM FUENTE | |
| Título | Apuntes Pastorales |
| Biblionumber | 49442 |
| Itemnumber | 60183 |
| Parte(s) relacionada(s) / Volumen., número. (mes año), páginas | Volumen 11. Número 2 (1993), páginas 12-17 |
| Enumeración y primera página | Página 12 |
| 942 ## - TIPO DE MATERIAL (KOHA) | |
| Tipo de Item KOHA | Artículos de Revista |
| 945 ## - INFORMACIÓN LOCAL DEL REGISTRO | |
| Catalogador | JTF-925 |
No hay ítems disponibles.
